Toutes les matières scolaires pouvant être enseigné depuis le collège - Statistiques

Statistiques générales
  • Ce quiz a été pris 1 363 fois
  • Le résultat moyen est 19 sur 30
Statistiques - réponses
Indices Matières % Correct
Molière Français
99%
Napoléon Histoire
99%
6 Continents 5 océans Géographie
95%
Sport Education Physique et Sportive
93%
Despacito Espagnol
93%
Pythagore Mathématiques
93%
Führer Allemand
91%
Einstein Physique
91%
Beethoven Musique
90%
Sara Perche ti amo Italien
88%
Shakespeare Anglais
87%
L'étude des plantes sciences de la vie et de la Terre
87%
Marie Curie Chimie
80%
Mona Lisa Arts
77%
Domotique Technologie
72%
Jules César Latin
71%
Citoyen Education moral et civique
68%
Muraille de Chine Chinois
67%
Socrate Philosophie
64%
Aristote humanités, littératures et philosophie
63%
Code civil droit
44%
Van Gogh Arts plastiques
40%
Adam Smith sciences économiques et sociales
39%
Politiques internationales géopolitique
26%
Mécanique/Electronique sciences de l'ingénieur
19%
Hacking numérique et sciences informatiques
15%
Charles Dickens langues, littératures et cultures étrangères et régionales
13%
Carl Friedrich Gauss Mathématiques expertes
13%
f(x) = mx + p Mathématiques complémentaire
9%
Sciences enseignement scientifique
8%
Aucun quiz correspondant
Distribution des résultats
% des personnes avec chaque résultat
Percentile par nombre de réponses
Votre historique - résultats
Vous n’avez pas pris ce quiz